Uncertainty can be used as a positive boundary tool (Record no. 55290)

MARC details
000 -LEADER
fixed length control field 01027cab a2200289 4500
001 - CONTROL NUMBER
control field ABS59098
008 - FIXED-LENGTH DATA ELEMENTS--GENERAL INFORMATION
fixed length control field 090401t1998 xxu||||| |||| 00| 0 eng d
035 ## - SYSTEM CONTROL NUMBER
System control number (Sirsi) u87637
041 ## - LANGUAGE CODE
Language code of text/sound track or separate title eng
100 ## - MAIN ENTRY--PERSONAL NAME
Personal name Atkinson, N.
245 ## - TITLE STATEMENT
Title Uncertainty can be used as a positive boundary tool
260 ## - PUBLICATION, DISTRIBUTION, ETC.
Date of publication, distribution, etc. 1998
350 ## - PRICE (NR) (BK AM CF MU VM SE) [OBSOLETE]
Price 0
490 ## - SERIES STATEMENT
Series statement CSM
-- Chartered Surveyor Monthly
Volume/sequential designation July/August 1998, 42-43(2)
520 ## - SUMMARY, ETC.
Summary, etc. Considers the importance of accurate site boundaries in the context of land value. Discusses the lack of precise definition on the ground and the importance of the accuracy of old deeds for both registered and unregisterd land. Examines probabilities and the concept of an `uncertainty zone`.
650 ## - SUBJECT ADDED ENTRY--TOPICAL TERM
Topical term or geographic name entry element Boundary disputes
9 (RLIN) 6221
650 ## - SUBJECT ADDED ENTRY--TOPICAL TERM
Topical term or geographic name entry element DISPUTES
650 ## - SUBJECT ADDED ENTRY--TOPICAL TERM
Topical term or geographic name entry element HEDGES
650 ## - SUBJECT ADDED ENTRY--TOPICAL TERM
Topical term or geographic name entry element LAND VALUE
650 ## - SUBJECT ADDED ENTRY--TOPICAL TERM
Topical term or geographic name entry element ORDNANCE SURVEY MAP
650 ## - SUBJECT ADDED ENTRY--TOPICAL TERM
Topical term or geographic name entry element PLANS
650 ## - SUBJECT ADDED ENTRY--TOPICAL TERM
Topical term or geographic name entry element REGISTERED LAND
650 ## - SUBJECT ADDED ENTRY--TOPICAL TERM
Topical term or geographic name entry element UNREGISTERED LAND
690 ## - LOCAL SUBJECT ADDED ENTRY--TOPICAL TERM (OCLC, RLIN)
Topical term or geographic name as entry element PROPERTY LAW AND PRACTICE
942 ## - ADDED ENTRY ELEMENTS (KOHA)
Suppress in OPAC 0
948 ## - LOCAL PROCESSING INFORMATION (OCLC); SERIES PART DESIGNATOR (RLIN)
c (OCLC) 24/07/1998
Holdings
Withdrawn status Lost status Source of classification or shelving scheme Damaged status Not for loan Home library Current library Shelving location Date acquired Total Checkouts Full call number Barcode Date last seen Copy number Price effective from Koha item type
    Dewey Decimal Classification     London London Journal article 14/09/1999   ABS59098 87637-1001 06/08/2019 1 06/08/2019 Journal article